| 000 | 00823nam a22002177a 4500 | ||
|---|---|---|---|
| 999 |
_c6657 _d6657 |
||
| 003 | AR-CdUCM | ||
| 008 | 190318b ||||| |||| 00| 0 spa d | ||
| 040 |
_aMUNICIPALIDAD PROVINCIAL DEL CUSCO _cBIBLIOTECA MUNICIPAL DEL CUSCO |
||
| 082 |
_a541 / _bG46 |
||
| 100 |
_aGilchrist, J. D. _918727 |
||
| 245 | _aHornos / | ||
| 260 |
_aMadrid: _bAlambra, _c1969. |
||
| 300 |
_a167 paginas ; _bDiagramas, _c20 cm. |
||
| 440 |
_aColección Exedra - ciencia técnica - ingeniería _n53 _918728 |
||
| 505 | _aGeneración y evolución del calor -- La combustión de los distintos combustibles -- Conversión de la energía eléctrica en calor -- Transmisión del calor... | ||
| 650 |
_aQuímica industrial _918719 |
||
| 650 |
_aEnergía eléctrica _918729 |
||
| 650 |
_aAerodinámica _918730 |
||
| 942 |
_2ddc _cLIBROS |
||
| 945 | _awnts | ||